ミリオン1曲持ちボカロP - Statistics

General Stats
  • This quiz has been taken 86 times
  • The average score is 36 of 119
Answer Stats
Answer % Correct
サツキ
70%
jon-YAKITORI
61%
吉田夜世
53%
CRUSHER-P
51%
ぬぬぬぬぬぬぬぬぬぬぬぬぬぬぬぬ
50%
ほぼ日P
49%
亜沙
44%
じょん
44%
紅紫
44%
malo
43%
Riei
43%
azari
41%
香椎モイミ
40%
ゆこぴ
40%
大沼パセリ
40%
*Luna
40%
misumi
40%
かめりあ
39%
ナカノは4番
39%
heavenz
39%
kai
39%
シンP
39%
peg
39%
yukkedoluce
39%
azuma
37%
emon(Tes.)
37%
木村わいP
37%
銀サク
36%
ユジー
36%
大本悦司
36%
デッドボールP
36%
ゆよゆっぺ
34%
水野あつ
34%
とみー
33%
はるふり
33%
うみくん
33%
青谷
33%
シノ
33%
cokesi
33%
KeN
33%
ぶっちぎりP
33%
ぼーかりおどP
33%
マイキP
33%
石風呂
31%
じっぷす
31%
うみろ
31%
じょるじん
31%
ATOLS
31%
田中B
31%
Eight
31%
生㌔P
31%
鼻そうめんP
31%
YM
31%
小林オニキス
30%
ピコン
30%
獅子志司
30%
メル
30%
4o
30%
A4。
30%
れれれP
30%
じたばたP
30%
骨盤P
30%
RINGO
30%
デスおはぎ
29%
ねじ式
29%
daniwell
29%
Dixie Flatline
29%
KulfiQ
29%
n.k
29%
はややP
29%
ふわりP
29%
けんまP
29%
黒田亜津
27%
たまお
27%
卓球少年
27%
そーいち
27%
koma'n
27%
LonePi
27%
ヤスオP
27%
糞田舎P
27%
P.I.N.A.
27%
なきゃむりゃ
26%
ぺぽよ
26%
asaha
26%
ドンフライP
26%
キセノンP
26%
銀河方面P
26%
あー民P
26%
まだ仔
24%
光収容
24%
想太
24%
電ǂ鯨
24%
綿飴
24%
もちうつね
24%
歪P
24%
盛るP
24%
yanagi
24%
バカッパの証
23%
ゆずひこ
23%
ワタルP
23%
ラヴリーP
23%
SEVENTHLINKS
23%
substreet
23%
drop
21%
一行P
21%
ぶりるP
21%
Takebo3
21%
banvox
20%
hapi➾
20%
大丈夫P
19%
露吐
17%
ニャン・トンロン
14%
どぶウサギ
14%
15m
14%
meiyo
14%
eiki
13%
mazoP
11%
バチ
10%
C'Na
4%
No matching quizzes found
Score Distribution
Percent of People with Each Score
Percentile by Number Answered
Your Score History
You have not taken this quiz